000 00523nam a22002057a 4500
003 Ost
005 20220905095929.0
008 220905b |||||||| |||| 00| 0 eng d
020 _aNA
040 _cBT-PhCST
050 _a4617
082 _222
_a621.3678
100 _aLillesand, Thomas M ...[et al.].
245 _aRemote sensing and imange interpretation /
260 _bJohn Wiley & Son Inc.,
_cc2004.
300 _a0
_bill. ;
700 _aKiefer, Ralph W.
700 _aChipman, Jonathan W.
942 _2ddc
_cCIVIL
999 _c3348
_d3348